000 00476ntaaa2200181 4500
003 01
005 20251027202834.0
008 0714s1973 ag 01
040 _aAR-BaBN
_bspa
_cAR-BaBN
_eaacr
_dRIC
082 _a268.6300 B55
100 _aBixet, Elsa
_928995
245 _aEducación audio-visual
250 _a1 ed.
260 _aBuenos Aires :
_bJunta de Educación Cristiana y Publicaciones,
_c1949
300 _a32 p
700 _aDeulofeu, Rubén
_928996
942 _cBK
999 _c23786
_d23786